Vývoj kodifikace české výslovnosti
| Titel: | Vývoj kodifikace české výslovnosti = The development of the codification of Czech pronunciation / Veronika Štěpánová |
|---|---|
| Verfasser: | |
| Ausgabe: | Vydání první |
| Veröffentlicht: | Praha : Academia, 2019 |
| Umfang: | 287 Seiten |
| Format: | Buch |
| Sprache: | Tschechisch |
| Schriftenreihe/ mehrbändiges Werk: |
Lingvistika |
| RVK-Notation: |
·
|
| ISBN: | 9788020029003 |
| Hinweise zum Inhalt: |
Inhaltsverzeichnis
Buch Bibliographie Cover Abstract |
alg: 52206937 001A $03004:09-10-24 001B $01999:04-12-25 $t22:16:25.000 001D $03004:30-10-24 001U $0utf8 001X $00 002@ $0Aau 002C $aText $btxt $2rdacontent 002D $aohne Hilfsmittel zu benutzen $bn $2rdamedia 002E $aBand $bnc $2rdacarrier 003@ $0522069371 004A $A978-80-200-2900-3 006C $01090102808 $aOCoLC 007A $0BV045466678 $aBVB 007G $0DE0200B4199CF01E53F99C1258BCF003F50F2 009P $qapplication/pdf $A2 $3Inhaltsverzeichnis $uhttp://scans.hebis.de/HEBCGI/show.pl?52206937_toc.pdf $mV:DE-603;B:DE-Mb50 009P $qapplication/pdf $A2 $3Buch Bibliographie $uhttp://scans.hebis.de/HEBCGI/show.pl?52206937_bib.pdf $mV:DE-603;B:DE-Mb50 009P $qapplication/pdf $A2 $3Cover $uhttp://scans.hebis.de/HEBCGI/show.pl?52206937_cov.pdf $mV:DE-603;B:DE-Mb50 009P $qapplication/pdf $A2 $3Abstract $uhttp://scans.hebis.de/HEBCGI/show.pl?52206937_sum.pdf $mV:DE-603;B:DE-Mb50 010@ $acze 010E $erda 011@ $a2019 $n2019 021A $aVývoj kodifikace české výslovnosti $fThe development of the codification of Czech pronunciation $hVeronika Štěpánová 028A $BVerfasser $4aut $8Štěpánová, Veronika$Z1983- [Tp3] $9446293857 032@ $aVydání první 033A $pPraha $nAcademia 034D $a287 Seiten 036G $aLingvistika 037A $aLiteraturverzeichnis Seite 259-287 044K $qBVB $RTschechisch $74120135-8 $8Alttschechisch [Ts1] $9085381950 044K $qBVB $RWestslawische Sprachen $#Czech language $#Tchèque (langue) $#Lingua ceca $#Lengua checa $#Tschechisch $#Tschechische Sprache $74061084-6 $8Tschechisch [Ts1] $9085169617 044K $qBVB $RAussprache $RSprachnorm $#Phonetics $#Phonétique $#Orthoepik $#Orthophonie $74398026-0 $8Orthoepie [Ts1] $9088510115 044K $qBVB $RSchriftsprache $RSprache $RGemeinsprache $#Standard language $#Normalisation linguistique $#Hochsprache $#Einheitssprache $#Hochsprache $74077831-9 $8Standardsprache [Ts1] $9085220574 044K $qBVB $RPhonetik $#Pronunciation $#Prononciation $#Pronuncia $#Akzent Aussprache $74003877-4 $8Aussprache [Ts1] $9085002143 044K $qBVB $74264709-5 $8Kodifizierung [Ts1] $9086413902 045F $a417.7094371 $eDDC22BSB 045F/01 $a417.7 045F/03 $g4371 045R $aGeschichte 045Z $8KR 3410 [Tkv] $9409309478 045Z $8KR 1060 [Tkv] $940930686X 046L $aText tschechisch. Zusammenfassung auf Englisch lok: 52206937 24 exp: 52206937 24 1 #EPN 201B/01 $030-10-24 $t12:46:50.000 201C/01 $009-10-24 201U/01 $0utf8 203@/01 $01276940823 208@/01 $a30-10-24 $bz 209A/01 $a24.06634 $du $f050 $h24 06634 $x00 209C/01 $a24.06634 K $h24 06634 K 209G/01 $a74790933 $x00 220C/01 $akon 247C/01 $8358050-7Marburg, Bibliothek des Herder-Instituts Marburg $9102600961
| LEADER | 00000cam a2200000 c 4500 | ||
|---|---|---|---|
| 001 | 522069371 | ||
| 003 | DE-603 | ||
| 005 | 20251204221625.0 | ||
| 007 | tu | ||
| 008 | 241009s2019 xx |||| | u00||u|cze c | ||
| 020 | |a 9788020029003 | ||
| 035 | |a (DE-599)BVBBV045466678 | ||
| 040 | |a DE-603 |b ger |c DE-603 |d DE-603 |e rda | ||
| 041 | |a cze | ||
| 082 | 0 | 4 | |8 1\u |a 417.7094371 |q DE-101 |2 22/BSB |
| 084 | |a KR 3410 |0 (DE-625)83485: |0 (DE-603)409309478 |2 rvk | ||
| 084 | |a KR 1060 |0 (DE-625)83224: |0 (DE-603)40930686X |2 rvk | ||
| 085 | |8 1\u |b 417.7 | ||
| 085 | |8 1\u |z 2 |s 4371 | ||
| 100 | 1 | |a Štěpánová, Veronika |d 1983- |e Verfasser |4 aut |0 (DE-603)446293857 |0 (DE-588)1180438736 |2 gnd | |
| 245 | 0 | 0 | |a Vývoj kodifikace české výslovnosti |b = The development of the codification of Czech pronunciation |c Veronika Štěpánová |
| 250 | |a Vydání první | ||
| 264 | 1 | |a Praha |b Academia |c 2019 | |
| 300 | |a 287 Seiten | ||
| 336 | |a Text |b txt |2 rdacontent | ||
| 337 | |a ohne Hilfsmittel zu benutzen |b n |2 rdamedia | ||
| 338 | |a Band |b nc |2 rdacarrier | ||
| 490 | 0 | |a Lingvistika | |
| 500 | |a Literaturverzeichnis Seite 259-287 | ||
| 546 | |a Text tschechisch. Zusammenfassung auf Englisch | ||
| 648 | 7 | |a Geschichte |2 gnd | |
| 650 | 7 | |a Alttschechisch |0 (DE-588)4120135-8 |0 (DE-603)085381950 |2 gnd | |
| 650 | 7 | |a Tschechisch |0 (DE-588)4061084-6 |0 (DE-603)085169617 |2 gnd | |
| 650 | 7 | |a Orthoepie |0 (DE-588)4398026-0 |0 (DE-603)088510115 |2 gnd | |
| 650 | 7 | |a Standardsprache |0 (DE-588)4077831-9 |0 (DE-603)085220574 |2 gnd | |
| 650 | 7 | |a Aussprache |0 (DE-588)4003877-4 |0 (DE-603)085002143 |2 gnd | |
| 650 | 7 | |a Kodifizierung |0 (DE-588)4264709-5 |0 (DE-603)086413902 |2 gnd | |
| 856 | 4 | 2 | |m V:DE-603;B:DE-Mb50 |q application/pdf |u http://scans.hebis.de/HEBCGI/show.pl?52206937_toc.pdf |3 Inhaltsverzeichnis |
| 856 | 4 | 2 | |m V:DE-603;B:DE-Mb50 |q application/pdf |u http://scans.hebis.de/HEBCGI/show.pl?52206937_bib.pdf |3 Buch Bibliographie |
| 856 | 4 | 2 | |m V:DE-603;B:DE-Mb50 |q application/pdf |u http://scans.hebis.de/HEBCGI/show.pl?52206937_cov.pdf |3 Cover |
| 856 | 4 | 2 | |m V:DE-603;B:DE-Mb50 |q application/pdf |u http://scans.hebis.de/HEBCGI/show.pl?52206937_sum.pdf |3 Abstract |
| 924 | 0 | |9 Mb 50 |a (DE-603)1276940823 |b DE-Mb50 |c HES |d c |g 24.06634 | |


